Разработка программного модуля для экономического анализа работы установки ЛЧ 35-11/1000 и определение оптимальной даты регенерации катализатора; Химия и химическая технология в XXI веке

Dades bibliogràfiques
Parent link:Химия и химическая технология в XXI веке.— 2009.— С. 239
Autor principal: Николайчук С. Н.
Altres autors: Шарова Е. С. Екатерина Сергеевна (научный руководитель), Чеканцев Н. В. Никита Витальевич, Иванчина Э. Д. Эмилия Дмитриевна
Idioma:rus
Publicat: 2009
Matèries:
Format: Capítol de llibre
KOHA link:https://koha.lib.tpu.ru/cgi-bin/koha/opac-detail.pl?biblionumber=173335

MARC

LEADER 00000naa2a2200000 4500
001 173335
005 20231228093644.0
035 |a (RuTPU)RU\TPU\book\187995 
090 |a 173335 
100 |a 20091223d2009 k y0rusy50 ca 
101 0 |a rus 
102 |a RU 
200 1 |a Разработка программного модуля для экономического анализа работы установки ЛЧ 35-11/1000 и определение оптимальной даты регенерации катализатора  |f С. Н. Николайчук, Е. С. Шарова, Н. В. Чеканцев  |g науч. рук. Э. Д. Иванчина 
320 |a Библиогр.: 2 назв. 
463 1 |0 (RuTPU)RU\TPU\book\176321  |t Химия и химическая технология в XXI веке  |o X Юбилейная всероссийская научно-практическая конференция студентов и аспирантов, г. Томск, 13-15 мая 2009 г.  |f Томский политехнический университет (ТПУ) ; Химия и химическая технология в XXI веке  |v С. 239  |d 2009  |p 322 с. 
610 1 |a катализаторы 
610 1 |a регенерация 
610 1 |a программные модули 
610 1 |a разработка 
610 1 |a технологические моделирующие системы 
610 1 |a каталитический риформинг 
610 1 |a промышленные установки 
610 1 |a труды учёных ТПУ 
700 1 |a Николайчук  |b С. Н. 
701 1 |a Шарова  |b Е. С.  |c химик  |c доцент Томского политехнического университета, кандидат технических наук  |f 1984-  |g Екатерина Сергеевна  |3 (RuTPU)RU\TPU\pers\25019  |9 11152 
701 1 |a Чеканцев  |b Н. В.  |c химик-технолог  |c доцент Томского политехнического университета, инженер, кандидат технических наук  |f 1985-  |g Никита Витальевич  |3 (RuTPU)RU\TPU\pers\25018 
702 1 |a Иванчина  |b Э. Д.  |c химик  |c профессор Томского политехнического университета, доктор технических наук  |f 1951-  |g Эмилия Дмитриевна  |4 727 
801 1 |a RU  |b 63413507  |c 20091223 
801 2 |a RU  |b 63413507  |c 20140524  |g RCR 
942 |c BK